00609nam a22001937a 4500003000400000005001700004008004100021020001800062040002900080050002400109100004400133245003400177250001200211260003200223300005700255650001300312650004900325650004100374OSt20260609093700.0260609b |||||||| |||| 00| 0 eng d a9780073378756 cChuka University Library aLB 1775.2b.S2 2010 aSadker David Miller, Karen R. Zittleman aTeachers, Schools and Society a9th Ed. aNew YorkbMcGraw Hillc2010 axxiv, 473P in Various PagingsbColored Illustrations aTeaching aEducation- Study and Teaching- United States aTeachers- Training of- United States